Statystyki dla Kształty państw na literę N

Kliknij tutaj aby rozwiązać quiz!

Ogólne statystyki

  • Ten quiz został rozwiązany 80 razy
  • Średni wynik to 8 z 9

Statystyki odpowiedzi

Odpowiedź% Poprawnych
Niemcy
98%
Norwegia
97%
Nowa Zelandia
91%
Namibia
86%
Nepal
85%
Niger
83%
Nigeria
80%
Nikaragua
78%
Nauru
77%

Rozkład punktacji

Percentyl według liczby udzielonych odpowiedzi

Procent ludzi z każdym wynikiem

Twoja historia wyników

Nie rozwiązałeś tego quizu